| 000 | nam a22 a 4500 | ||
|---|---|---|---|
| 999 |
_c332567 _d332567 |
||
| 003 | BLK | ||
| 005 | 20201229092538.0 | ||
| 008 | 190710b bu ||||| |||| 00| 0 bu d | ||
| 020 | _a9786197354775 | ||
| 040 | _aBLK | ||
| 041 |
_aBUL _cBUL |
||
| 080 |
_aБългарска литература _b821.163.2 _x-32 _z821.163.2-32 |
||
| 110 |
_9394984 _aКлуб "Мечтание" |
||
| 139 | _aКлуб "Мечтание" | ||
| 245 |
_aРазкажи ми своята история _bСборник с разкази _f2018 |
||
| 260 |
_9214217 _aРусе _bGaiana Book Art Studio _c2019 |
||
| 300 |
_a136 с. _bс ил. _c21 см. |
||
| 380 | _aX | ||
| 500 | _aСборник с разкази, отличен в Национален конкурс за къс разказ "Мостове"; Послание и автограф от колективния орган | ||
| 653 | 7 |
_9195181 _aразкази |
|
| 700 |
_91311 _aГеоргиева, Цветелина _eред. |
||
| 700 |
_9390421 _aДесислава Коева _eпредпечат |
||
| 700 |
_9390711 _aМирела Партинова _eкорица |
||
| 700 |
_9599 _aКрасимира Балушева _eил. |
||
| 852 | _aЦб 295683 | ||
| 942 |
_cKNG _n0 _02 |
||
| 944 |
_aCR _c2019-07-10 _kКристиан Велковски _l2019-07-10 |
||
| 999 | _d332567 | ||